Spotrebné úvery v krajinách eurozóny diplomová práca

Saved in:
Bibliographic Details
Main Author: Hrabalová, Veronika
Corporate Author: Národohospodárska fakulta EU. Katedra bankovníctva a medzinárodných financií
Other Authors: Kotlebová, Jana, 1969-
Format: Book
Language:Slovak
Published: Bratislava 2014
Tags: Add Tag
No Tags, Be the first to tag this record!

MARC

LEADER 00000nbm a2200000 4500
001 0187521
005 20170201090049.1
041 0 |a slo 
044 |a SK 
245 1 0 |a Spotrebné úvery v krajinách eurozóny  |b diplomová práca  |c Veronika Hrabalová ; školiteľ: Jana Kotlebová 
264 1 |a Bratislava  |c 2014 
300 |a 60 s. 
100 1 |a Hrabalová, Veronika 
700 1 |a Kotlebová, Jana, 1969- 
710 2 |a Národohospodárska fakulta EU. Katedra bankovníctva a medzinárodných financií